ARRUPE JESUIT UNIVERSITY

CORONAVIRUS -STOP THE SPREAD - CLEAN,DISINFECT,COVER

Advent and Christmas (Record no. 119264)

MARC details
000 -LEADER
fixed length control field 00443nam a22001337a 4500
008 - FIXED-LENGTH DATA ELEMENTS--GENERAL INFORMATION
fixed length control field 131213b xxu||||| |||| 00| 0 eng d
050 ## - LIBRARY OF CONGRESS CALL NUMBER
Classification number BV40.P988 2006
100 ## - MAIN ENTRY--PERSONAL NAME
Personal name Puthiadam, Ignatius Fr.
9 (RLIN) 5709
245 ## - TITLE STATEMENT
Title Advent and Christmas
Remainder of title Readings, Psalms and Reflections
Statement of responsibility, etc Ignatius Puthiadam Fr.
260 ## - PUBLICATION, DISTRIBUTION, ETC. (IMPRINT)
Place of publication, distribution, etc India
Name of publisher, distributor, etc Asian Trading Corporation
Date of publication, distribution, etc 2006
300 ## - PHYSICAL DESCRIPTION
Extent 162p. ;
Dimensions 22cm.
650 ## - SUBJECT ADDED ENTRY--TOPICAL TERM
Topical term or geographic name as entry element Advent
General subdivision Christmas
9 (RLIN) 5710
942 ## - ADDED ENTRY ELEMENTS (KOHA)
Source of classification or shelving scheme Library of Congress Classification
Item type Monograph ( Printed materials)
Koha issues (borrowed), all copies 2
Holdings
Withdrawn status Lost status Source of classification or shelving scheme Damaged status Not for loan Home library Current library Date acquired Total Checkouts Full call number Barcode Date last seen Date last borrowed Price effective from Koha item type
    Library of Congress Classification     ARRUPE LIBRARY ARRUPE LIBRARY 13/12/2013 3 BV40.P988 2006 46411401 19/01/2023 20/12/2022 13/12/2013 Monograph ( Printed materials)

 

Arrupe Library. PO Box MP320 Mt Pleasant, Harare, Zimbabwe
263 242 745411|librarian@aju.ac.zw